Descripción del Reino de Chile

Gorde:
Xehetasun bibliografikoak
Egile nagusia: Vázquez de Espinosa, Antonio (Egilea)
Formatua: Liburua
Hizkuntza:gaztelania
Argitaratua: Santiago Instituto Profesional de Estudios Superiores Blas Cañas 1986
Edizioa:1a. ed
Saila:Colección Sociedad, Tiempo y Cultura
Gaiak:
Etiketak: Etiketa erantsi
Etiketarik gabe, Izan zaitez lehena erregistro honi etiketa jartzen!

MARC

LEADER 00000nam a2200000 a 4500
001 UCW9333
003 CL-VaPUC
008 890327e19860000CL |||||||||||||||||spa|d
082 0 4 |a 983.02  |b VAZ  |2 21 
100 0 |a Vázquez de Espinosa, Antonio  |e author  |9 314562 
245 1 0 |a Descripción del Reino de Chile 
250 |a 1a. ed 
300 |a 132 p 
942 |c BK 
945 |d 19890327 00:00:00 
260 |a Santiago  |b Instituto Profesional de Estudios Superiores Blas Cañas  |c 1986 
600 0 7 |a VAZQUEZ DE ESPINOZA, ANTONIO  |2 CL-VaPUC  |9 314563 
650 0 |a Crítica e interpretación   |9 255042 
650 0 |a Descripciones y viajes  |9 262159 
651 7 |a CHILE  |2 CL-VaPUC  |9 314564 
583 |a last modification  |c 19890327 00:00:00  |k Rodrigo Vera 
490 0 |a Colección Sociedad, Tiempo y Cultura 
999 |c 221337  |d 221335 
952 |0 0  |1 0  |4 0  |6 983_020000000000000_VAZ_1986  |7 0  |8 A  |9 214533  |a BIBHIS  |b BIBHIS  |d 2019-11-15  |i 2831287  |o 983.02 VAZ 1986  |p 2831287  |r 2025-01-20  |w 2019-11-15  |y BK  |k HIS 
952 |0 0  |1 0  |4 0  |6 983_020000000000000_VAZ_1986  |7 0  |8 A  |9 214534  |a BIBHIS  |b BIBHIS  |d 2019-11-15  |i 1257269  |o 983.02 VAZ 1986  |p 1257269  |r 2025-01-20  |w 2019-11-15  |y BK  |k HIS 
952 |0 0  |1 0  |4 0  |6 983_020000000000000_VAZ_1986  |7 0  |8 A  |9 214535  |a BIBHIS  |b BIBHIS  |d 2019-11-15  |i 4589521  |o 983.02 VAZ 1986  |p 4589521  |r 2025-01-20  |w 2019-11-15  |y BK  |k HIS